| Tag |
First Indicator |
Second Indicator |
Subfields |
| LEADER |
00000cam a22000004a 4500 |
| 001 |
in00002097708 |
| 005 |
20151102164635.0 |
| 008 |
050825s2005 nju 000 0 eng |
| 010 |
|
|
|a 2005024904
|
| 020 |
|
|
|a 1574671162
|
| 035 |
|
|
|a (OCoLC)ocm61445825
|
| 040 |
|
|
|a DLC
|c DLC
|d C#P
|d BAKER
|d UtOrBLW
|
| 042 |
|
|
|a pcc
|
| 049 |
|
|
|a TXAM
|
| 050 |
0 |
0 |
|a MT92.H2
|b H87 2005
|
| 082 |
0 |
0 |
|a 780/.92
|2 22
|
| 100 |
1 |
|
|a Hurwitz, David,
|d 1961-
|
| 245 |
1 |
0 |
|a Exploring Haydn :
|b a listener's guide to music's boldest innovator / David Hurwitz.
|
| 264 |
|
1 |
|a Pompton Plains, N.J. :
|b Amadeus Press,
|c 2005.
|
| 300 |
|
|
|a xvi, 200 pages ;
|c 23 cm. +
|e 2 CDs (digital ; 4 3/4 in.).
|
| 336 |
|
|
|a text
|b txt
|2 rdacontent
|
| 337 |
|
|
|a unmediated
|b n
|2 rdamedia
|
| 338 |
|
|
|a volume
|b nc
|2 rdacarrier
|
| 490 |
1 |
|
|a Unlocking the masters series ;
|v no. 6
|
| 505 |
0 |
|
|a Inventing music as we know it (and why this turned out to be a mixed blessing) -- How to listen to complete works-- Haydn in his own words -- Movement types in Haydn's instrumental music -- Overview -- First movements -- Slow movements -- Minuets/scherzos -- Finales (grand and otherwise) -- A topical view -- Vocal works, sacred and secular -- Solitary masterworks -- From tragedy to comedy : Haydn's war on blandness -- Conclusion : the road forward.
|
| 600 |
1 |
0 |
|a Haydn, Joseph,
|d 1732-1809
|x Criticism and interpretation.
|
| 830 |
|
0 |
|a Unlocking the masters series ;
|v no. 6.
|
| 856 |
4 |
1 |
|3 Table of contents
|u http://www.loc.gov/catdir/toc/ecip0518/2005024904.html
|t 0
|
| 938 |
|
|
|a Baker & Taylor
|b BKTY
|c 27.95
|d 20.96
|i 1574671162
|n 0006421195
|s active
|
| 945 |
|
|
|i PromptCat
|
| 947 |
|
|
|a A14833167210
|
| 994 |
|
|
|a 92
|b TXA
|
| 948 |
|
|
|a cataloged
|b h
|c 2006/1/4
|d c
|e bhartsfi
|f 2:54:45 pm
|
| 999 |
|
|
|a MARS
|
| 999 |
f |
f |
|s d7f75a17-54b5-3860-aacf-603460639188
|i 57730b80-3938-378d-8f7b-606b39188cee
|t 0
|
| 952 |
f |
f |
|p ric
|a Texas A&M University
|b Rellis Campus
|c Joint Library Facility
|d Remote Storage
|t 0
|e MT92.H2 H87 2005
|h Library of Congress classification
|i unmediated -- volume
|m A14833167210
|
| 998 |
f |
f |
|a MT92.H2 H87 2005
|t 0
|l Remote Storage
|